000 00456nam a2200181Ia 4500
003 LK-CoDNM
008 010623t2007 xxu||||| |||| 00| 1 sin d
040 _aLK-CoDNM
_dLK-CoDNM
_eLK-CoDNM
041 _asin
080 _a(x) 398
_bDAR
245 _aදරුනැලවිලි ගී
246 _aDarunelavili gee
260 _bPradeepa publisher
_aColombo
_c2007
300 _b20, 20 cm
650 _aCulture
650 _aFolklore
942 _cBK
999 _c126722
_d126722